Correo del arte (Record no. 724)
[ view plain ]
| 000 -LEADER | |
|---|---|
| campo de control de longitud fija | 00771nas a2200253 i 4500 |
| 001 - NÚMERO DE CONTROL | |
| campo de control | 724 |
| 003 - IDENTIFICADOR DE NÚMERO DE CONTROL | |
| campo de control | ES-MaACL |
| 005 - FECHA Y HORA DE LA ÚLTIMA TRANSACCIÓN | |
| campo de control | 20250812062549.0 |
| 007 - CAMPO FIJO DE DESCRIPCIÓN FÍSICA--INFORMACIÓN GENERAL | |
| campo de control de longitud fija | t| |
| 008 - DATOS DE LONGITUD FIJA--INFORMACIÓN GENERAL | |
| campo de control de longitud fija | 950801c1982 sp m| | 1 ||pa d |
| 080 ## - NÚMERO DE LA CLASIFICACIÓN DECIMAL UNIVERSAL | |
| Número de la Clasificación Decimal Universal | 7 |
| 245 00 - MENCIÓN DEL TÍTULO | |
| Título | Correo del arte |
| Resto del título | : revista mensual de las artes plásticas / |
| Mención de responsabilidad, etc. | dir. Antonio Morales. |
| 260 ## - PUBLICACIÓN, DISTRIBUCIÓN, ETC. | |
| Lugar de publicación, distribución, etc. | Madrid : |
| Nombre del editor, distribuidor, etc. | Movipress, |
| Fecha de publicación, distribución, etc. | 1982- |
| 300 ## - DESCRIPCIÓN FÍSICA | |
| Extensión | 12 v. ; |
| Dimensiones | 34 cm. |
| 310 ## - PERIODICIDAD ACTUAL | |
| Periodicidad actual | Mensual |
| 362 0# - FECHAS DE PUBLICACIÓN Y/O DESIGNACIÓN SECUENCIAL | |
| Fecha de publicación y/o designación secuencial | Nº 1 (oct. 1982)- |
| 500 ## - NOTA GENERAL | |
| Nota general | Hasta 1984 (jun.-jul.) es suplemento de "Diart" |
| 500 ## - NOTA GENERAL | |
| Nota general | Descripción basada en : n. 48 (1987) |
| 650 17 - PUNTO DE ACCESO ADICIONAL DE MATERIA--TÉRMINO DE MATERIA | |
| Término de materia o nombre geográfico como elemento de entrada | Arte |
| Fuente del encabezamiento o término | embne |
| 9 (RLIN) | 10068 |
| 700 1# - ENTRADA AGREGADA--NOMBRE PERSONAL | |
| Nombre de persona | Morales, Antonio, |
| Término indicativo de función/relación | |
| 9 (RLIN) | 82974 |
| 852 ## - LOCALIZACIÓN | |
| Ubicación | ES-MaACL |
| Número de control de estantería | HEM-H-476 |
| Encuadernación | Olim: Hem-1762 |
| 866 #0 - MENCIÓN TEXTUAL DE FONDOS--UNIDAD BIBLIOGRÁFICA BÁSICA | |
| Fondos | (1987)1988-99(2000 n155-157). |
| Estatus retirado | Estado de pérdida | Estado de daño | No para préstamo | Colección | Biblioteca de origen | Biblioteca actual | Ubicación en estantería | Fecha de adquisición | Fuente de adquisición | Total de préstamos | Signatura topográfica completa | Código de barras | Visto por última vez | Precio de reemplazo | Tipo de ítem Koha |
|---|---|---|---|---|---|---|---|---|---|---|---|---|---|---|---|
| Periódicos y Revistas | Biblioteca del Ateneo de Madrid | Biblioteca del Ateneo de Madrid | Hemeroteca | 17/01/2008 | HEM-H-476 | 1000738 | 23/02/2023 | 23/02/2023 | Revista |
